Introduction to technopreneurship / (Record no. 69022)
[ view plain ]
| 000 -LEADER | |
|---|---|
| fixed length control field | 01134nam a22003134i 4500 |
| 003 - CONTROL NUMBER IDENTIFIER | |
| control field | URS |
| 005 - DATE AND TIME OF LATEST TRANSACTION | |
| control field | 20230323133326.0 |
| 008 - FIXED-LENGTH DATA ELEMENTS--GENERAL INFORMATION | |
| fixed length control field | 221011t2019 ph a|||| b||| 00| 0 eng d |
| 020 ## - INTERNATIONAL STANDARD BOOK NUMBER | |
| International Standard Book Number | 9786214270675 |
| 040 ## - CATALOGING SOURCE | |
| Original cataloging agency | PATTS LIBRARY |
| Language of cataloging | eng |
| Description conventions | rda |
| Transcribing agency | PATTS LIBRARY |
| Modifying agency | URS |
| Description conventions | RDA |
| 050 14 - LIBRARY OF CONGRESS CALL NUMBER | |
| Classification number | HC 79.T4 |
| Item number | P33 2019 |
| 100 1# - MAIN ENTRY--PERSONAL NAME | |
| Relator code | aut |
| Personal name | Padilla-Juaneza, Jennifer |
| 245 10 - TITLE STATEMENT | |
| Title | Introduction to technopreneurship / |
| Statement of responsibility, etc. | Jennifer Padilla-Juaneza, MIT, Jake Rodriguez Pomperada, MAED-IT. |
| 264 #1 - PRODUCTION, PUBLICATION, DISTRIBUTION, MANUFACTURE, AND COPYRIGHT NOTICE | |
| Place of production, publication, distribution, manufacture | Manila : |
| Name of producer, publisher, distributor, manufacturer | Unlimited Books Library Services & Publishing, |
| Date of production, publication, distribution, manufacture, or copyright notice | [2019]. |
| 264 #1 - PRODUCTION, PUBLICATION, DISTRIBUTION, MANUFACTURE, AND COPYRIGHT NOTICE | |
| Date of production, publication, distribution, manufacture, or copyright notice | copyright 2019 |
| 300 ## - PHYSICAL DESCRIPTION | |
| Extent | xii, 92 pages : |
| Other physical details | illustrations ; |
| Dimensions | 24 cm |
| 336 ## - CONTENT TYPE | |
| Content type term | text |
| Content type code | rdacontent |
| 337 ## - MEDIA TYPE | |
| Media type term | unmediated |
| Media type code | rdamedia |
| 338 ## - CARRIER TYPE | |
| Carrier type term | volume |
| Carrier type code | rdacarrier |
| 500 ## - GENERAL NOTE | |
| General note | "OBE approach = Outcome-based education" - cover. |
| 500 ## - GENERAL NOTE | |
| General note | Missing pages 65,68, |
| 504 ## - BIBLIOGRAPHY, ETC. NOTE | |
| Bibliography, etc. note | Includes bibliographical references. |
| 650 #0 - SUBJECT ADDED ENTRY--TOPICAL TERM | |
| Topical term or geographic name entry element | Technological innovations |
| General subdivision | Economic aspects. |
| 650 #0 - SUBJECT ADDED ENTRY--TOPICAL TERM | |
| Topical term or geographic name entry element | Technology |
| General subdivision | Economic aspects |
| 650 #0 - SUBJECT ADDED ENTRY--TOPICAL TERM | |
| Topical term or geographic name entry element | New business enterprises. |
| 650 #0 - SUBJECT ADDED ENTRY--TOPICAL TERM | |
| Topical term or geographic name entry element | Entrepreneurship. |
| 700 1# - ADDED ENTRY--PERSONAL NAME | |
| Relator code | aut |
| Personal name | Pomperada, Jake Rodriguez |
| 942 ## - ADDED ENTRY ELEMENTS (KOHA) | |
| Source of classification or shelving scheme | Library of Congress Classification |
| Koha item type | Filipiniana |
| Withdrawn status | Source of classification or shelving scheme | Damaged status | Not for loan | Home library | Current library | Shelving location | Date acquired | Total Checkouts | Full call number | Barcode | Date last seen | Price effective from | Koha item type | Source of acquisition |
|---|---|---|---|---|---|---|---|---|---|---|---|---|---|---|
| Library of Congress Classification | Binangonan College Library | Binangonan College Library | Filipiniana Section | 03/28/2023 | HC 79.T4 P33 2019 | URSBIN-3659 | 03/28/2023 | 03/28/2023 | Filipiniana | Purchased | ||||
| Library of Congress Classification | Binangonan College Library | Binangonan College Library | Filipiniana Section | 03/28/2023 | HC 79.T4 P33 2019 | URSBIN-3660 | 03/28/2023 | 03/28/2023 | Filipiniana | Purchased | ||||
| Library of Congress Classification | Tanay College Library | Tanay College Library | Reserve Section | 12/29/2022 | HC 79.T4 P33 2019 | URSTAN-N3281 | 03/17/2023 | 03/17/2023 | Filipiniana |